|
|
|
|
| LEADER |
00000nab a2200000ua 4500 |
| 001 |
vtls010777117 |
| 003 |
SK-MaSNL |
| 005 |
20260303185107.0 |
| 008 |
230218s1998 xo |||||||||||||||||slo| |
| 035 |
|
|
|a (urnnbn)urn:nbn:sk:snk:ar-a047fh
|
| 035 |
|
|
|a (uuid)25b140d4-b542-4b30-ad48-f0c93b4db718
|
| 035 |
|
|
|a urn:nbn:sk:snk-ab4qnj
|
| 040 |
|
|
|a SNKBUCL
|b slo
|c SNKBUCL
|e AACR2
|
| 041 |
0 |
|
|a slo
|
| 044 |
|
|
|a xo
|c SK
|
| 100 |
1 |
|
|a Čukan, Jaroslav,
|d 1954-
|4 aut
|9 231615
|
| 245 |
1 |
0 |
|a Karpatské brandy na Stolovej hore :
|b (Slováci v Kapskom Meste)
|c Jaroslav Čukan
|
| 773 |
0 |
|
|t Etnologické rozpravy
|g Roč. 5, č. 2 (1998), s. 121-[128]
|
| 954 |
|
|
|a odborná, vedecká literatúra pôvodná (slovenská)
|2 lita
|
| 958 |
|
|
|a OND
|
| 958 |
|
|
|a EUIPO
|
| 958 |
|
|
|a article3
|
| 999 |
|
|
|c 2129752
|d 2131682
|